[Event "Raahe We RaahLi"]
[Site "Raahe"]
[Date "2015.11.01"]
[Round "4"]
[White "Terasti, Pasi"]
[Black "Marjusaari, Eero"]
[Result "1/2-1/2"]
[WhiteElo "2095"]
[BlackElo "2092"]
[PlyCount "108"]
[EventDate "2015.10.31"]
[EventType "swiss"]
[EventRounds "5"]
[EventCountry "FIN"]
[SourceTitle "EXT 2022"]
[Source "ChessBase"]
[SourceDate "2021.10.06"]
[SourceVersion "1"]
[SourceVersionDate "2021.10.06"]
[SourceQuality "1"]

1. d4 Nf6 2. Bg5 Ne4 3. Bf4 c5 4. f3 Qa5+ 5. c3 Nf6 6. Nd2 cxd4 7. Nb3 Qb6 8. Qxd4 d6 9. e4 e5 10. Qxb6 axb6 11. Be3 Be6 12. Bb5+ Nc6 13. c4 Nd7 14. a3 Be7 15. Ne2 0-0 16. 0-0 Rfc8 17. Nc3 Nc5 18. Nxc5 bxc5 19. Nd5 Bxd5 20. cxd5 Nd4 21. Bxd4 cxd4 22. Bd3 Bg5 23. Kf2 Rc7 24. Ke2 Rac8 25. Rab1 Rc1 26. a4 Kf8 27. Rfxc1 Rxc1 28. b4 Rxb1 29. Bxb1 Ke7 30. Kd3 Kd7 31. Kc4 Kc7 32. a5 Bd2 33. Bd3 Bc3 34. Kb5 Bd2 35. Ka4 Bc3 36. b5 b6 37. a6 g5 38. Kb3 Bd2 39. Kc2 Be3 40. Kd1 Bg1 41. h3 Bh2 42. Ke2 h5 43. Kf2 Bf4 44. g3 Be3+ 45. Kg2 f6 46. Be2 h4 47. f4 hxg3 48. fxg5 fxg5 49. Kxg3 Bd2 50. Kg4 Kb8 51. Kf5 Bc1 52. Ke6 Ba3 53. Kd7 Ka7 54. Kc7 Bb4 1/2-1/2

[Event "Oulu We PSM op"]
[Site "Oulu"]
[Date "2008.??.??"]
[Round "3"]
[White "Kiuttu, Roope"]
[Black "Terasti, Pasi"]
[Result "1-0"]
[WhiteElo "2091"]
[BlackElo "2162"]
[PlyCount "71"]
[EventDate "2008.08.??"]
[EventType "swiss"]
[EventRounds "5"]
[EventCountry "FIN"]
[SourceTitle "EXT 2010"]
[Source "ChessBase"]
[SourceDate "2010.11.25"]
[SourceVersion "1"]
[SourceVersionDate "2010.11.25"]
[SourceQuality "1"]

1. e4 d5 2. exd5 Nf6 3. d4 Bg4 4. Be2 Bxe2 5. Qxe2 Qxd5 6. Nf3 Nc6 7. 0-0 0-0-0 8. Be3 e6 9. c4 Qh5 10. Nc3 Bd6 11. c5 Be7 12. b4 g5 13. b5 g4 14. bxc6 gxf3 15. cxb7+ Kb8 16. Qxf3 Qxf3 17. gxf3 Rhg8+ 18. Kh1 Kxb7 19. Rab1+ Ka8 20. Rb3 c6 21. Rfb1 Nd5 22. Nxd5 Rxd5 23. Rb7 Bf6 24. Rxf7 Bxd4 25. Bxd4 Rxd4 26. Rg1 Rxg1+ 27. Kxg1 Ra4 28. Rxh7 Rxa2 29. Rc7 Ra6 30. h4 Kb8 31. Rg7 Ra4 32. Rg4 Ra5 33. Rc4 Kc7 34. h5 Rb5 35. h6 Rb8 36. Rg4 1-0

[Event "Oulu We Shakki 77 op"]
[Site "Oulu"]
[Date "2006.02.25"]
[Round "3"]
[White "Kiuttu, Roope"]
[Black "Terasti, Pasi"]
[Result "1/2-1/2"]
[WhiteElo "2000"]
[BlackElo "2162"]
[PlyCount "77"]
[EventDate "2006.02.26"]
[EventType "swiss"]
[EventRounds "5"]
[EventCountry "FIN"]
[SourceTitle "EXT 2007"]
[Source "ChessBase"]
[SourceDate "2006.11.23"]
[SourceVersion "1"]
[SourceVersionDate "2006.11.23"]
[SourceQuality "1"]

1. e4 g6 2. d4 Bg7 3. Be3 c6 4. c4 d5 5. cxd5 cxd5 6. e5 Nh6 7. Bxh6 Bxh6 8. Nc3 Nc6 9. Nf3 0-0 10. Qb3 Bg4 11. Rd1 Rb8 12. Be2 e6 13. 0-0 b5 14. h3 Bxf3 15. Bxf3 Qb6 16. Ne2 a5 17. a3 Rfc8 18. h4 a4 19. Qd3 b4 20. Ra1 Rc7 21. Rfd1 Rbc8 22. b3 axb3 23. Qxb3 Rb8 24. axb4 Qxb4 25. Qxb4 Nxb4 26. Rdb1 Rc4 27. Ra3 Rbc8 28. g4 Bf8 29. Rab3 Be7 30. h5 Ra8 31. Kg2 Kg7 32. Rc3 Rxc3 33. Nxc3 Nc6 34. Rb7 Bg5 35. Nxd5 Nxd4 36. Nc7 Rc8 37. Nb5 Nxb5 38. Rxb5 gxh5 39. gxh5 1/2-1/2

[Event "Heart of Finland op 15th"]
[Site "Jyvaskyla"]
[Date "2005.07.??"]
[Round "3"]
[White "Koskinen, Henri"]
[Black "Terasti, Pasi"]
[Result "1-0"]
[WhiteElo "2296"]
[BlackElo "2156"]
[PlyCount "113"]
[EventDate "2005.07.18"]
[EventType "swiss"]
[EventRounds "10"]
[EventCountry "FIN"]
[SourceTitle "EXT 2022"]
[Source "ChessBase"]
[SourceDate "2021.10.06"]
[SourceVersion "1"]
[SourceVersionDate "2021.10.06"]
[SourceQuality "1"]

1. d4 d5 2. Nf3 Bg4 3. Bf4 e6 4. c4 Nc6 5. e3 Bd6 6. cxd5 exd5 7. Bg3 Nge7 8. Be2 0-0 9. Nc3 Re8 10. a3 a6 11. Rc1 Nf5 12. 0-0 Nxg3 13. hxg3 Ne7 14. b4 c6 15. Na4 Nf5 16. Nc5 Qe7 17. Rc3 Rab8 18. Nh4 Bxe2 19. Nxf5 Bxd1 20. Nxe7+ Rxe7 21. Rxd1 h5 22. Rb1 Kf8 23. a4 Ke8 24. b5 cxb5 25. axb5 a5 26. b6 Ra8 27. Rb5 g6 28. Na4 Bb4 29. Rc7 Rd8 30. Kf1 Red7 31. Ke2 Re7 32. Kd3 Red7 33. Rxd7 Rxd7 34. Nc5 Re7 35. Nb3 Re6 36. Nc5 Re7 37. f3 f6 38. e4 dxe4+ 39. fxe4 Kf7 40. d5 Ke8 41. Kd4 Be1 42. Nd3 Bxg3 43. Rxa5 Bd6 44. Ra8+ Kd7 45. Nc5+ Bxc5+ 46. Kxc5 Rxe4 47. Rb8 Re2 48. Rxb7+ Kc8 49. Rc7+ Kb8 50. d6 Rc2+ 51. Kd5 Rd2+ 52. Ke6 Rb2 53. Rg7 Rxb6 54. Ke7 Rb2 55. Rg8+ Kb7 56. d7 Re2+ 57. Kf7 1-0

[Event "Heart of Finland op 15th"]
[Site "Jyvaskyla"]
[Date "2005.07.??"]
[Round "2"]
[White "Terasti, Pasi"]
[Black "Yrjola, Jouni"]
[Result "1/2-1/2"]
[WhiteElo "2156"]
[BlackElo "2399"]
[PlyCount "81"]
[EventDate "2005.07.18"]
[EventType "swiss"]
[EventRounds "10"]
[EventCountry "FIN"]
[SourceTitle "EXT 2022"]
[Source "ChessBase"]
[SourceDate "2021.10.06"]
[SourceVersion "1"]
[SourceVersionDate "2021.10.06"]
[SourceQuality "1"]

1. e4 c5 2. Nf3 Nc6 3. Bb5 d6 4. d4 cxd4 5. Qxd4 Bd7 6. Bxc6 Bxc6 7. Nc3 Nf6 8. Bg5 e6 9. 0-0-0 Be7 10. Rhe1 0-0 11. Kb1 Qc7 12. Qd2 Rfd8 13. Nd4 Rab8 14. f4 h6 15. Bxf6 Bxf6 16. f5 Qe7 17. g4 Rbc8 18. Nd5 Bxd5 19. exd5 e5 20. Nf3 Rc4 21. Qg2 e4 22. Nd2 Rb4 23. Nb3 e3 24. Rd3 Re8 25. Re2 Re4 26. c3 Qe5 27. Qf3 Bg5 28. Rd4 a6 29. h3 Rxd4 30. Nxd4 Qe4+ 31. Qxe4 Rxe4 32. Kc2 h5 33. Kd3 Rf4 34. gxh5 Rf1 35. c4 Bh6 36. Nc2 Rh1 37. Nxe3 Rxh3 38. Ke4 Rh4+ 39. Kd3 Rh3 40. Ke4 Rh4+ 41. Kd3 1/2-1/2

[Event "Oulu We Sh 77 op"]
[Site "Oulu"]
[Date "2005.02.26"]
[Round "1"]
[White "Terasti, Pasi"]
[Black "Luukkonen, Tommi"]
[Result "0-1"]
[WhiteElo "2125"]
[BlackElo "2285"]
[PlyCount "78"]
[EventDate "2005.02.26"]
[EventType "swiss"]
[EventRounds "5"]
[EventCountry "FIN"]
[SourceTitle "EXT 2007"]
[Source "ChessBase"]
[SourceDate "2006.11.23"]
[SourceVersion "1"]
[SourceVersionDate "2006.11.23"]
[SourceQuality "1"]

1. e4 c5 2. Nf3 e6 3. c3 d5 4. exd5 Qxd5 5. d4 Nf6 6. Be3 Nc6 7. Na3 cxd4 8. Nb5 Qd8 9. Nbxd4 Nd5 10. Bg5 f6 11. Bd2 Bd6 12. c4 Nde7 13. Bc3 0-0 14. Bd3 e5 15. Nxc6 Nxc6 16. 0-0 Bg4 17. h3 Bh5 18. Be2 Qe7 19. Nd2 Bg6 20. Bh5 Bd3 21. Be2 Bg6 22. Bh5 Qf7 23. Bxg6 Qxg6 24. Qb3 Rf7 25. Nf3 e4 26. Nd4 Ne5 27. Nb5 Bc5 28. Bxe5 fxe5 29. Nc3 Raf8 30. Nd1 b6 31. Ne3 Rf3 32. Rad1 Qg5 33. Qc2 Rxf2 34. Rxf2 Bxe3 35. Rdf1 Qg3 36. Qe2 a5 37. b3 Bd4 38. Qd2 Rxf2 39. Rxf2 e3 0-1

[Event "Budapest FS10 FM-A"]
[Site "Budapest"]
[Date "2004.10.07"]
[Round "2"]
[White "Hocevar, Nikola"]
[Black "Terasti, Pasi"]
[Result "0-1"]
[WhiteElo "2130"]
[BlackElo "2151"]
[PlyCount "70"]
[EventDate "2004.10.02"]
[EventType "tourn"]
[EventRounds "10"]
[EventCountry "HUN"]
[SourceTitle "CBM 103 Extra"]
[Source "ChessBase"]
[SourceDate "2005.01.01"]
[SourceVersion "1"]
[SourceVersionDate "2005.01.01"]
[SourceQuality "1"]

1. c4 b6 2. d4 e6 3. Nc3 Bb7 4. a3 Nf6 5. f3 d5 6. e3 Be7 7. Bd3 c5 8. Nge2 0-0 9. 0-0 Nc6 10. cxd5 exd5 11. Bd2 Re8 12. Be1 Bf8 13. Bf2 g6 14. Rc1 Bh6 15. dxc5 bxc5 16. Nf4 Ne5 17. Bb1 Nc4 18. Re1 d4 19. Ne4 Nxe4 20. fxe4 dxe3 21. Bg3 Qxd1 22. Rexd1 Nxb2 23. Re1 Bxe4 24. Rxe3 Bxb1 25. Rxe8+ Rxe8 26. Rxb1 Bg7 27. Bf2 Rc8 28. Nd5 Kf8 29. Kf1 c4 30. Ke2 Re8+ 31. Kf3 Nd3 32. Be3 c3 33. Nb4 Nxb4 34. Bc5+ Kg8 35. Bxb4 Bh6 0-1

[Event "Oulu We Sh 77 op-A"]
[Site "Oulu"]
[Date "2004.02.29"]
[Round "4"]
[White "Terasti, Pasi"]
[Black "Tolonen, Jouni"]
[Result "1-0"]
[WhiteElo "2092"]
[BlackElo "2106"]
[PlyCount "111"]
[EventDate "2004.02.28"]
[EventType "swiss"]
[EventRounds "5"]
[EventCountry "FIN"]
[SourceTitle "EXT 2007"]
[Source "ChessBase"]
[SourceDate "2006.11.23"]
[SourceVersion "1"]
[SourceVersionDate "2006.11.23"]
[SourceQuality "1"]

1. c4 Nc6 2. Nc3 e5 3. g3 f5 4. Bg2 Nf6 5. e3 Bc5 6. Nge2 e4 7. d3 exd3 8. Qxd3 d6 9. b3 Qe7 10. Bb2 Bd7 11. 0-0 Ne5 12. Qc2 c6 13. Nd4 g6 14. a3 Bb6 15. Rad1 Bc7 16. Nf3 0-0-0 17. Nxe5 dxe5 18. b4 g5 19. b5 e4 20. bxc6 bxc6 21. Qa4 Kb8 22. Qb4+ Qxb4 23. axb4 Rhf8 24. Na4 Ng4 25. Nc5 Bc8 26. Bd4 Ne5 27. Ra1 Nxc4 28. Na6+ Bxa6 29. Rxa6 Bb6 30. Rc1 Bxd4 31. Rxc4 Bb6 32. Ra1 Rf6 33. Rac1 Kb7 34. g4 f4 35. Rxe4 fxe3 36. Re7+ Kb8 37. fxe3 Rfd6 38. Bxc6 Rd1+ 39. Rxd1 Rxd1+ 40. Kg2 Kc8 41. e4 Rd2+ 42. Kg3 Rd6 43. Bd5 Bc7 44. Kf3 Rh6 45. e5 Kd8 46. Rg7 Rh3+ 47. Ke4 Rxh2 48. Kf5 Re2 49. Rg8+ Ke7 50. Rg7+ Kd8 51. e6 Re5+ 52. Kf6 Bb8 53. Rg8+ Kc7 54. Rxb8 Rxd5 55. e7 Rd6+ 56. Ke5 1-0

[Event "Oulu We Sh 77 op-A"]
[Site "Oulu"]
[Date "2004.02.28"]
[Round "3"]
[White "Pitkaaho, Aki"]
[Black "Terasti, Pasi"]
[Result "1/2-1/2"]
[WhiteElo "2199"]
[BlackElo "2092"]
[PlyCount "95"]
[EventDate "2004.02.28"]
[EventType "swiss"]
[EventRounds "5"]
[EventCountry "FIN"]
[SourceTitle "EXT 2007"]
[Source "ChessBase"]
[SourceDate "2006.11.23"]
[SourceVersion "1"]
[SourceVersionDate "2006.11.23"]
[SourceQuality "1"]

1. Nf3 d5 2. b4 Bg4 3. Bb2 Nd7 4. e3 e5 5. h3 Bxf3 6. Qxf3 c6 7. c4 Ngf6 8. cxd5 cxd5 9. Bb5 Bd6 10. 0-0 0-0 11. Nc3 Nb6 12. a3 Rc8 13. Rac1 a6 14. Be2 Re8 15. g4 e4 16. Qg2 Bb8 17. f3 d4 18. Nxe4 Nxe4 19. fxe4 dxe3 20. Qf3 Qe7 21. d3 Rxc1 22. Bxc1 Qc7 23. Qg2 Nd7 24. Bxe3 Qc3 25. Qf2 f6 26. Qf5 Ne5 27. Rc1 Qb2 28. Rc8 Rxc8 29. Qxc8+ Kf7 30. Kf1 Bd6 31. Qxb7+ Kg6 32. Qxa6 Qb1+ 33. Kf2 Nf7 34. h4 h6 35. Qb7 Ne5 36. Qd5 Qh1 37. h5+ Kh7 38. Qxd6 Qh2+ 39. Kf1 Qh3+ 40. Ke1 Qxe3 41. Kd1 Qg1+ 42. Kd2 Qa1 43. d4 Qb2+ 44. Kd1 Qb1+ 45. Kd2 Qb2+ 46. Ke3 Qc1+ 47. Kf2 Qf4+ 48. Kg2 1/2-1/2

[Event "Internet Section 17-A"]
[Site "Dos Hermanas"]
[Date "2003.03.17"]
[Round "8"]
[White "Terasti, Pasi"]
[Black "Pizarro, Pablo"]
[Result "0-1"]
[WhiteElo "2162"]
[BlackElo "2164"]
[PlyCount "84"]
[EventDate "2003.03.17"]
[EventType "swiss (blitz)"]
[EventRounds "9"]
[EventCountry "ESP"]
[SourceTitle "EXT 2004"]
[Source "ChessBase"]
[SourceDate "2003.11.25"]
[SourceVersion "1"]
[SourceVersionDate "2003.11.25"]
[SourceQuality "1"]

1. d4 g6 2. e4 d6 3. Nc3 Bg7 4. f4 Nf6 5. Nf3 c5 6. Bb5+ Bd7 7. e5 Ng4 8. e6 Bxb5 9. exf7+ Kd7 10. Nxb5 Qa5+ 11. Nc3 cxd4 12. Nxd4 h5 13. h3 Nc6 14. Nxc6 Bxc3+ 15. bxc3 Qxc3+ 16. Qd2 Qxa1 17. hxg4 bxc6 18. gxh5 gxh5 19. 0-0 Qf6 20. Qb4 Rab8 21. Qa4 Rb7 22. Qc4 Rf8 23. f5 Qxf7 24. Qa6 Rfb8 25. Be3 c5 26. Bg5 Qg7 27. Bh4 Qg4 28. g3 Qd4+ 29. Kg2 Rb2 30. Rf2 R8b7 31. Qe2 Qd5+ 32. Kh2 Kc6 33. Qa6+ Kc7 34. Re2 Kb8 35. Qa5 R2b6 36. Bxe7 a6 37. f6 Rb1 38. Re1 Rxe1 39. Qxe1 Rb2 40. Qe2 Ka7 41. Kh3 Qf5+ 42. Kh4 Rb4+ 0-1

[Event "Finland op"]
[Site "Finland"]
[Date "2003.??.??"]
[Round "2"]
[White "Lehtinen, Heikki"]
[Black "Terasti, Pasi"]
[Result "1-0"]
[WhiteElo "2357"]
[BlackElo "2162"]
[PlyCount "94"]
[EventDate "2003.??.??"]
[EventType "swiss"]
[EventRounds "7"]
[EventCountry "FIN"]
[SourceTitle "EXT 2005"]
[Source "ChessBase"]
[SourceDate "2004.11.15"]
[SourceVersion "1"]
[SourceVersionDate "2004.11.15"]
[SourceQuality "1"]

1. c4 e5 2. g3 Nf6 3. Bg2 c6 4. d4 exd4 5. Qxd4 d5 6. Nf3 Be7 7. cxd5 cxd5 8. 0-0 Nc6 9. Qa4 0-0 10. Nc3 Be6 11. Rd1 Qb6 12. Qb5 Qxb5 13. Nxb5 Rac8 14. Be3 a6 15. Nbd4 Bd7 16. Rac1 Rfe8 17. Nb3 Nb4 18. Rxc8 Rxc8 19. Nc1 Bf5 20. Nd4 Be4 21. Bh3 Re8 22. a3 Nc6 23. Nd3 Na5 24. Nf5 Bf8 25. Kf1 Nb3 26. Nd4 Na5 27. Nf5 Nb3 28. Bg5 Bxf5 29. Bxf5 Nd4 30. Bxf6 Nxf5 31. Bc3 Rc8 32. Nf4 d4 33. Bxd4 Nxd4 34. Rxd4 Rc1+ 35. Kg2 Rc2 36. b4 g5 37. Nh3 h6 38. Ng1 Rc3 39. Rd7 Rxa3 40. Rxb7 Rb3 41. Rb6 Rxb4 42. Rxa6 g4 43. h3 gxh3+ 44. Nxh3 Kg7 45. Nf4 Rb5 46. Kf3 Be7 47. Ra7 Bf6 1-0

[Event "Tampere op"]
[Site "Tampere"]
[Date "2003.??.??"]
[Round "5"]
[White "Tolonen, Leo Toivovich"]
[Black "Terasti, Pasi"]
[Result "1/2-1/2"]
[WhiteElo "2363"]
[BlackElo "2162"]
[PlyCount "96"]
[EventDate "2003.01.??"]
[EventType "swiss"]
[EventRounds "5"]
[EventCountry "FIN"]
[SourceTitle "EXT 2004"]
[Source "ChessBase"]
[SourceDate "2003.11.25"]
[SourceVersion "1"]
[SourceVersionDate "2003.11.25"]
[SourceQuality "1"]

1. Nf3 Nc6 2. d4 d5 3. c4 Bg4 4. cxd5 Bxf3 5. gxf3 Qxd5 6. e3 e6 7. Nc3 Qh5 8. Bg2 0-0-0 9. f4 Qxd1+ 10. Kxd1 Nce7 11. Ke2 Nf5 12. Bd2 Nf6 13. Rhc1 Kb8 14. b4 Be7 15. Rab1 h6 16. a4 g5 17. fxg5 hxg5 18. h3 Nh4 19. Bf1 g4 20. hxg4 Nxg4 21. Ne4 Nf5 22. Bg2 Rh2 23. Rg1 Nh4 24. Bf3 Nxf3 25. Kxf3 f5 26. Rxg4 fxg4+ 27. Ke2 Rf8 28. Rg1 Bh4 29. Rxg4 Bxf2 30. Nc5 Bh4+ 31. Kd3 Re8 32. Rg6 b6 33. Nxe6 Rf2 34. d5 Be7 35. Bc3 Bd6 36. e4 Rh2 37. e5 Rh3+ 38. Kd2 Bf8 39. Kc2 a6 40. b5 a5 41. Nd4 Kb7 42. Nc6 Bc5 43. Rg7 Kc8 44. Be1 Rf8 45. Bg3 Rf3 46. Rg8+ Bf8 47. e6 Rhxg3 48. e7 Rc3+ 1/2-1/2